[Event "Nuremberg Zabo op 12th"]
[Site "Nuremberg"]
[Date "2010.09.18"]
[Round "2"]
[White "Schnakenberg, Volker"]
[Black "Schilay, Eva"]
[Result "1-0"]
[WhiteElo "1488"]
[BlackElo "1206"]
[PlyCount "79"]
[EventDate "2010.09.17"]
[EventType "swiss"]
[EventRounds "5"]
[EventCountry "GER"]
[SourceTitle "EXT 2011"]
[Source "ChessBase"]
[SourceDate "2010.11.26"]
[SourceVersion "1"]
[SourceVersionDate "2010.11.26"]
[SourceQuality "1"]

1. d4 d5 2. e3 Bf5 3. Nf3 Nc6 4. Bb5 a6 5. Bxc6+ bxc6 6. 0-0 Nf6 7. Ne5 e6 8. Nxc6 Qd7 9. Ne5 Qd6 10. b3 Ne4 11. f3 f6 12. fxe4 Bxe4 13. Ba3 Qd8 14. Bxf8 Rxf8 15. Nd3 e5 16. Nc5 Qe7 17. Nxe4 dxe4 18. d5 Rd8 19. c4 c6 20. Nc3 Qc5 21. Qe1 Qb4 22. Nxe4 Qxe1 23. Rfxe1 f5 24. Nc3 Kf7 25. Rad1 Kg8 26. dxc6 Rxd1 27. Rxd1 f4 28. c7 fxe3 29. Rd8 Rxd8 30. cxd8Q+ Kf7 31. Qd5+ Kf6 32. Qf3+ Ke6 33. Qxe3 g5 34. Qb6+ Kf5 35. Nd5 h6 36. Kf2 g4 37. Ke3 Kg5 38. Qf6+ Kh5 39. g3 a5 40. Qf5# 1-0

[Event "Nuremberg Zabo op 10th"]
[Site "Nuremberg"]
[Date "2008.09.21"]
[Round "4"]
[White "Feldheim, Jonas"]
[Black "Schnakenberg, Volker"]
[Result "1-0"]
[WhiteElo "1528"]
[BlackElo "1582"]
[PlyCount "63"]
[EventDate "2008.09.19"]
[EventType "swiss"]
[EventRounds "5"]
[EventCountry "GER"]
[SourceTitle "EXT 2012"]
[Source "ChessBase"]
[SourceDate "2011.11.24"]
[SourceVersion "1"]
[SourceVersionDate "2011.11.24"]
[SourceQuality "1"]

1. e4 Nc6 2. d4 e6 3. Nf3 Be7 4. Bd3 Nf6 5. Nc3 d5 6. e5 Nd7 7. a3 f6 8. Bf4 fxe5 9. dxe5 0-0 10. Qd2 Nc5 11. Bg3 Nxd3+ 12. Qxd3 a6 13. h4 Bd7 14. 0-0-0 b5 15. Kb1 Na5 16. Ng5 Bxg5 17. hxg5 g6 18. Nxd5 exd5 19. Qxd5+ Rf7 20. e6 Bxe6 21. Qxd8+ Rxd8 22. Rxd8+ Rf8 23. Rxf8+ Kxf8 24. Bxc7 Nc4 25. Rxh7 Nd2+ 26. Kc1 Ne4 27. f4 Bf5 28. Be5 Ng3 29. Ra7 Nf1 30. Rxa6 Ne3 31. Rb6 Bxc2 32. Bd6+ 1-0

[Event "Nuremberg Zabo op 10th"]
[Site "Nuremberg"]
[Date "2008.09.20"]
[Round "3"]
[White "Schnakenberg, Volker"]
[Black "Goetz, Dieter"]
[Result "0-1"]
[WhiteElo "1582"]
[BlackElo "1866"]
[PlyCount "82"]
[EventDate "2008.09.19"]
[EventType "swiss"]
[EventRounds "5"]
[EventCountry "GER"]
[SourceTitle "EXT 2012"]
[Source "ChessBase"]
[SourceDate "2011.11.24"]
[SourceVersion "1"]
[SourceVersionDate "2011.11.24"]
[SourceQuality "1"]

1. d4 Nf6 2. c4 e5 3. dxe5 Ng4 4. Nf3 Bc5 5. e3 Nc6 6. Nc3 Ngxe5 7. a3 a5 8. Na4 Ba7 9. Bd2 Ng6 10. Bc3 0-0 11. Bd3 Qe7 12. 0-0 d6 13. Re1 Nh4 14. Rc1 Bd7 15. Nxh4 Qxh4 16. b3 Rfe8 17. Qf3 Ne5 18. Bxe5 dxe5 19. Qe4 Qxe4 20. Bxe4 Rab8 21. Nc3 c6 22. Ne2 f5 23. Bc2 Bc5 24. a4 Be6 25. Ng3 g6 26. h3 Rec8 27. Nf1 b5 28. axb5 cxb5 29. cxb5 Rxb5 30. Rb1 Bb4 31. Re2 Rbc5 32. Rb2 Rc3 33. Ng3 Rd8 34. Kh2 Bc8 35. Nf1 Ba6 36. Rd2 Rdc8 37. Ng3 e4 38. Bb1 Rc1 39. Rdc2 R8xc2 40. Bxc2 Bd3 41. Bxd3 exd3 0-1